Govt. of
Madhya Pradesh

Tales of Old Japan (Record no. 37197)

MARC details
000 -LEADER
fixed length control field 004150000a22001690004500
003 - CONTROL NUMBER IDENTIFIER
control field MACL
005 - DATE AND TIME OF LATEST TRANSACTION
control field 20160112133145.0
008 - FIXED-LENGTH DATA ELEMENTS--GENERAL INFORMATION
fixed length control field 160112b xxu||||| |||| 00| 0 eng d
040 ## - CATALOGING SOURCE
Original cataloging agency MACL
Transcribing agency MACL
041 ## - LANGUAGE CODE
Language code of text/sound track or separate title Englis
082 ## - DEWEY DECIMAL CLASSIFICATION NUMBER
Classification number 823/RED
100 ## - MAIN ENTRY--PERSONAL NAME
Personal name Redesdale, Lord
9 (RLIN) 31277
245 ## - TITLE STATEMENT
Title Tales of Old Japan
260 ## - PUBLICATION, DISTRIBUTION, ETC. (IMPRINT)
Name of publisher, distributor, etc. Macmillan & Co Ltd
Date of publication, distribution, etc. 1910
Place of publication, distribution, etc. London
650 ## - SUBJECT ADDED ENTRY--TOPICAL TERM
Topical term or geographic name as entry element Stories
9 (RLIN) 31278
942 ## - ADDED ENTRY ELEMENTS (KOHA)
Koha item type Books
Call number prefix 923/RED
Source of classification or shelving scheme
Holdings
Withdrawn status Lost status Source of classification or shelving scheme Damaged status Not for loan Home library Current library Date acquired Total Checkouts Full call number Barcode Date last seen Uniform Resource Identifier Price effective from Koha item type
          MACL MACL 15/04/2015   923/RED CLE011634 29/04/2015 37409 15/04/2015 Books